| 000 | 00811cam a2200277 a 4500 | ||
|---|---|---|---|
| 001 | 2404983 | ||
| 005 | 20260216155431.0 | ||
| 008 | 860411s1986 nyu 000 0 eng | ||
| 010 | _a 86009471 | ||
| 020 | _a0399132007 | ||
| 020 | _a9780399132001 | ||
| 035 | _a2404983 | ||
| 040 |
_aDLC _cDLC _dDLC |
||
| 050 | 0 | 0 |
_aPN6162 _b.R6334 1986 |
| 082 | 0 | 0 |
_a814.54 _219 _bROO |
| 100 | 1 |
_aRooney, Andrew A. _9133255 |
|
| 245 | 1 | 0 |
_aWord for word / _cAndrew A. Rooney. |
| 260 |
_aNew York : _bG. Putnam, _cc1986. |
||
| 300 |
_a287 p. ; _c24 cm. |
||
| 336 |
_atext _btxt _2rdacontent |
||
| 337 |
_aunmediated _bn _2rdamedia |
||
| 338 |
_avolume _bnc _2rdacarrier |
||
| 906 |
_a7 _bcbc _corignew _d1 _eocip _f19 _gy-gencatlg |
||
| 942 |
_2ddc _cBK |
||
| 999 |
_c616217 _d616217 |
||